000 00836nam a2200253Ia 4500
003 OSt
005 20220923225340.0
006 a|||||r|||| 00| 0
007 ta
008 220922b |||||||| |||| 00| 0 hin d
024 _a263,841
037 _cTextual
040 _aARTS
_cARTS
_bhin
041 _2hin
_ahin
082 _aV2z7, 152P3
100 _aदुबे, अभय कुमार, संपा.
245 0 _aभारत का भूमंडलीकरण
246 _aBhārat kā bhūhinḍalīkaraṇa
260 _aनयी दिल्ली
_b वाणी प्रकाशन
_c2003
300 _a438पृ.
_ccm.
650 _aविश्व-इतिहास
942 _hV2z7, 152P3
_cTEXL
_2CC
999 _c377690
_d377690